Studies on stump as planting material foe Eucalyptus tereticarnis plantations (Record no. 46502)

MARC details
000 -LEADER
fixed length control field 00466nam a2200121Ia 4500
100 ## - MAIN ENTRY--AUTHOR NAME
Personal name Chacko KC
245 #0 - TITLE STATEMENT
Title Studies on stump as planting material foe Eucalyptus tereticarnis plantations
260 ## - PUBLICATION, DISTRIBUTION, ETC. (IMPRINT)
Name of publisher KFRI Research Report: 63, February 1990 (Report of the Project: Silvi. 04/1981 (July 1981 to June 1984), Kerala Forest Research Institute, Peechi, Kerala
Year of publication 1990
300 ## - PHYSICAL DESCRIPTION
Number of Pages 29p
700 ## - ADDED ENTRY--PERSONAL NAME
Personal name
942 ## - ADDED ENTRY ELEMENTS (KOHA)
Koha item type Reprints
Holdings
Withdrawn status Lost status Damaged status Not for loan Home library Current library Date acquired Koha item type
      Reprints RRII Library RRII Library 22/12/2021 Reprints